| 000 | 00505nam a22001577a 4500 | ||
|---|---|---|---|
| 003 | OSt | ||
| 005 | 20151101105046.0 | ||
| 008 | 151101b xxu||||| |||| 00| 0 eng d | ||
| 040 | _cRUA | ||
| 082 | _aFOR សួន1990 B115 Or.1 | ||
| 100 |
_93129 _aសួន សវណ្ណ |
||
| 245 | _aការដាំព្រៃឡើងវិញនៅតំបន់ទួលព្រិច ខេត្តកណ្ដាល | ||
| 260 |
_aPhnom Penh _bRUA _c1990 |
||
| 300 |
_a102p. _bill. _c29cm. |
||
| 942 |
_2ddc _cFOR |
||
| 999 |
_c2918 _d2918 |
||